Environmental management of mineral wastes (Record no. 477053)

MARC details
000 -LEADER
fixed length control field 00872nam a2200277Ia 4500
003 - CONTROL NUMBER IDENTIFIER
control field OSt
005 - DATE AND TIME OF LATEST TRANSACTION
control field 20220925165344.0
008 - FIXED-LENGTH DATA ELEMENTS--GENERAL INFORMATION
fixed length control field 220923b |||||||| |||| 00| 0 eng d
020 ## - INTERNATIONAL STANDARD BOOK NUMBER
International Standard Book Number 902860054X
037 ## - SOURCE OF ACQUISITION
Terms of availability General Book
040 ## - CATALOGING SOURCE
Original cataloging agency RTL
Transcribing agency RTL
Language of cataloging eng
041 ## - LANGUAGE CODE
Source of code eng
Language code of text/sound track or separate title eng
100 ## - MAIN ENTRY--PERSONAL NAME
Personal name Goodman Gordon T Ed.
9 (RLIN) 233160
245 #0 - TITLE STATEMENT
Title Environmental management of mineral wastes
260 ## - PUBLICATION, DISTRIBUTION, ETC.
Place of publication, distribution, etc. Alphen
Name of publisher, distributor, etc. aan den Rijn Sijthoff and Noordhoff Netherlands
Date of publication, distribution, etc. 1978
300 ## - PHYSICAL DESCRIPTION
Extent xi,367p.
Dimensions cm.
490 ## - SERIES STATEMENT
Series statement Nato Advanced study Institutes series E:No.7
500 ## - GENERAL NOTE
General note Bib chapterwise; Index:p357-67
650 ## - SUBJECT ADDED ENTRY--TOPICAL TERM
Topical term or geographic name entry element Geography
700 ## - ADDED ENTRY--PERSONAL NAME
Personal name Chadwick Nichael J Ed.
9 (RLIN) 233161
942 ## - ADDED ENTRY ELEMENTS (KOHA)
Classification part U672(H1), L8
Koha item type General Books
Source of classification or shelving scheme Colon Classification (CC)
Holdings
Withdrawn status Lost status Damaged status Not for loan Home library Current library Date acquired Total Checkouts Full call number Barcode Date last seen Price effective from Koha item type
        Ratan Tata Library Ratan Tata Library 2022-09-25   U672(H1) L8 RT0835419 2022-09-25 2022-09-25 General Books
Copyright @ Delhi University Library System